|
|
|
|
| LEADER |
01820cas a2200241 a 4500 |
| 001 |
AALejournalIMF010093 |
| 008 |
230101c9999 xx r poo 0 0eng d |
| 020 |
|
|
|c 5.00 USD
|
| 020 |
|
|
|z 9781451970531
|
| 022 |
|
|
|a 1018-5941
|
| 040 |
|
|
|a BD-DhAAL
|c BD-DhAAL
|
| 110 |
2 |
|
|a International Monetary Fund.
|
| 245 |
1 |
0 |
|a Looking for An Economically Meaningful Way to Assess Fiscal Policy.
|
| 264 |
|
1 |
|a Washington, D.C. :
|b International Monetary Fund,
|c 1989.
|
| 300 |
|
|
|a 1 online resource (46 pages)
|
| 490 |
1 |
|
|a IMF Working Papers
|
| 500 |
|
|
|a <strong>Off-Campus Access:</strong> No User ID or Password Required
|
| 500 |
|
|
|a <strong>On-Campus Access:</strong> No User ID or Password Required
|
| 506 |
|
|
|a Electronic access restricted to authorized BRAC University faculty, staff and students
|
| 520 |
3 |
|
|a This paper examines the behavior of private consumption in Mexico and Chile. Understanding private consumption behavior in developing countries is receiving increasing attention at a time many of them are required to substitute national saving for external saving. For both countries dealt with in this study, changes in the real rate of interest appeared to have a sizable negative effect on private consumption. Private consumption also appeared to be (positively) influenced by real net capital inflows. An empirical approximation to permanent income also appears relevant for both countries, in particular for Mexico, where the sum of the 2-year income elasticities was very close to 1.0. Finally, government consumption did not appear as a relevant variable in either country.
|
| 538 |
|
|
|a Mode of access: Internet
|
| 830 |
|
0 |
|a IMF Working Papers; Working Paper ;
|v No. 1989/051
|
| 856 |
4 |
0 |
|z Full text available on IMF
|u http://elibrary.imf.org/view/journals/001/1989/051/001.1989.issue-051-en.xml
|z IMF e-Library
|